<?xml version="1.0" encoding="UTF-8"?><?xml-stylesheet type="text/xsl" href="static/style.xsl"?><OAI-PMH xmlns="http://www.openarchives.org/OAI/2.0/" xmlns:xsi="http://www.w3.org/2001/XMLSchema-instance" xsi:schemaLocation="http://www.openarchives.org/OAI/2.0/ http://www.openarchives.org/OAI/2.0/OAI-PMH.xsd"><responseDate>2026-06-01T15:47:05Z</responseDate><request verb="GetRecord" identifier="oai:riuma.uma.es:10630/8511" metadataPrefix="marc">https://riuma.uma.es/rest/oai/request</request><GetRecord><record><header><identifier>oai:riuma.uma.es:10630/8511</identifier><datestamp>2026-02-03T12:24:30Z</datestamp><setSpec>com_10630_2254</setSpec><setSpec>col_10630_37959</setSpec></header><metadata><record xmlns="http://www.loc.gov/MARC21/slim" xmlns:dcterms="http://purl.org/dc/terms/" xmlns:doc="http://www.lyncode.com/xoai" xmlns:xsi="http://www.w3.org/2001/XMLSchema-instance" xsi:schemaLocation="http://www.loc.gov/MARC21/slim http://www.loc.gov/standards/marcxml/schema/MARC21slim.xsd">
   <leader>00925njm 22002777a 4500</leader>
   <datafield ind2=" " ind1=" " tag="042">
      <subfield code="a">dc</subfield>
   </datafield>
   <datafield ind2=" " ind1=" " tag="720">
      <subfield code="a">Mateos-Blanco, Tania</subfield>
      <subfield code="e">author</subfield>
   </datafield>
   <datafield ind2=" " ind1=" " tag="720">
      <subfield code="a">Romero-Pérez, Clara</subfield>
      <subfield code="e">author</subfield>
   </datafield>
   <datafield ind2=" " ind1=" " tag="720">
      <subfield code="a">Vera-Vila, Julio</subfield>
      <subfield code="e">author</subfield>
   </datafield>
   <datafield ind2=" " ind1=" " tag="260">
      <subfield code="c">2014-12-02</subfield>
   </datafield>
   <datafield ind2=" " ind1=" " tag="520">
      <subfield code="a">A partir de una de las conclusiones a la que llegan los autores de la segunda ponencia, nuestra addenda interpreta la educación para el emprendimiento como alternativa formativa para socializar a niños y jóvenes, desde la educación obligatoria, en una nueva cultura empresarial y de desarrollo de la autonomía y la iniciativa personal y social, desde la ética y la creatividad. Señalamos brevemente los orígenes de la educación para el emprendimiento en la educación escolar hasta nuestros días, delimitando las tendencias futuras en materia de educación para el emprendimiento como oferta curricular en un futuro a corto plazo y explorando una posible alternativa de educación para fomentar la cultura emprendedora desde la ética. Por ultimo, se precisan los resultados del Plan para el fomento de la cultura emprendedora en el sistema  educativo público de Andalucía.&#xd;
Palabras clave: cultura emprendedora, programas escolares de educación emprendedora, lógica de las alternativas.</subfield>
   </datafield>
   <datafield ind1="8" ind2=" " tag="024">
      <subfield code="a">http://hdl.handle.net/10630/8511</subfield>
   </datafield>
   <datafield tag="653" ind2=" " ind1=" ">
      <subfield code="a">Educación y desarrollo</subfield>
   </datafield>
   <datafield ind2="0" ind1="0" tag="245">
      <subfield code="a">La cultura emprendedora en el contexto escolar: Análisis desde la lógica de la posibilidad</subfield>
   </datafield>
</record>
</metadata></record></GetRecord></OAI-PMH>